| 000 -LEADER |
| fixed length control field |
00572cam a2200193 i 4500 |
| 003 - CONTROL NUMBER IDENTIFIER |
| control field |
OSt |
| 005 - DATE AND TIME OF LATEST TRANSACTION |
| control field |
20240116145153.0 |
| 008 - FIXED-LENGTH DATA ELEMENTS--GENERAL INFORMATION |
| fixed length control field |
150323t20142014ii ab 000 0 eng d |
| 020 ## - INTERNATIONAL STANDARD BOOK NUMBER |
| International Standard Book Number |
9788179918449 |
| 043 ## - GEOGRAPHIC AREA CODE |
| Geographic area code |
a-ii--- |
| 082 04 - DEWEY DECIMAL CLASSIFICATION NUMBER |
| Classification number |
720.954 |
| Edition number |
23 |
| Item number |
IYE |
| 100 1# - MAIN ENTRY--PERSONAL NAME |
| Personal name |
Iyer, Kamu, |
| Relator term |
author. |
| 245 10 - TITLE STATEMENT |
| Title |
Boombay : |
| Remainder of title |
from precincts to sprawl / |
| Statement of responsibility, etc |
Kamu Iyer. |
| 300 ## - PHYSICAL DESCRIPTION |
| Extent |
191 pages : |
| Other physical details |
illustrations, maps ; |
| Dimensions |
22 cm |
| 650 #0 - SUBJECT ADDED ENTRY--TOPICAL TERM |
| Topical term or geographic name as entry element |
Architecture |
| Geographic subdivision |
India |
| -- |
Mumbai. |
| 650 #0 - SUBJECT ADDED ENTRY--TOPICAL TERM |
| Topical term or geographic name as entry element |
City planning |
| Geographic subdivision |
India |
| -- |
Mumbai. |
| 651 #0 - SUBJECT ADDED ENTRY--GEOGRAPHIC NAME |
| Geographic name |
Mumbai (India) |
| General subdivision |
Buildings, structures, etc. |
| 942 ## - ADDED ENTRY ELEMENTS (KOHA) |
| Source of classification or shelving scheme |
|